| 000 | 00580nam a2200193Ia 4500 | ||
|---|---|---|---|
| 003 | OSt | ||
| 005 | 20200911094534.0 | ||
| 008 | 190216s9999||||xx |||||||||||||| ||und|| | ||
| 020 | _a0074624989 | ||
| 040 | _coclc | ||
| 082 |
_a621.381076 _bZBA/B |
||
| 100 |
_aZbar, Paul B _94531 |
||
| 245 | 0 |
_aBasic Electronics / _cPaul B Zbar ; Albert P Malvino ; Michael A Miller |
|
| 250 | _a7th Ed. | ||
| 260 |
_bTata Mcgrawhill Publishers, _c2001. _aNew Delhi: |
||
| 300 | _a381p | ||
| 650 | _aPhysics | ||
| 942 |
_cBK _2ddc _h621.381076 _iZBA/B _k621.381076 _mZBA/B |
||
| 999 |
_c33603 _d33603 |
||